[Event "GER-chT U20"]
[Site "Muenster"]
[Date "2022.12.30"]
[Round "7"]
[White "Kauth, Lukas Michael"]
[Black "Borodaev, Roman"]
[Result "1/2-1/2"]
[WhiteElo "1488"]
[BlackElo "1678"]
[PlyCount "76"]
[EventDate "2022.12.26"]
[EventType "team-swiss"]
[EventRounds "7"]
[EventCountry "GER"]
[SourceTitle "CBM 212 Extra"]
[Source "ChessBase"]
[SourceDate "2023.03.31"]
[SourceVersion "1"]
[SourceVersionDate "2023.03.31"]
[SourceQuality "1"]
[WhiteTeam "Bebenhausen"]
[BlackTeam "Karlsruhe"]
[WhiteTeamCountry "GER"]
[BlackTeamCountry "GER"]

1. e4 c5 2. Nf3 Nc6 3. d4 cxd4 4. Nxd4 g6 5. c4 Bg7 6. Be3 Qb6 7. Nb5 Qa5+ 8. Bd2 Qd8 9. N1c3 a6 10. Na3 Nf6 11. Be2 0-0 12. 0-0 Nd4 13. Bd3 d6 14. Nc2 Nc6 15. Be2 Nd7 16. Rc1 Nc5 17. f3 e5 18. Nd5 Ne6 19. Be3 Ned4 20. Nxd4 Nxd4 21. Bd3 f5 22. f4 Be6 23. Qd2 Bxd5 24. cxd5 Qd7 25. fxe5 dxe5 26. b3 Rac8 27. Rxc8 Rxc8 28. Bxd4 exd4 29. exf5 Rf8 30. fxg6 Rxf1+ 31. Kxf1 hxg6 32. Bxg6 Qxd5 33. Bd3 Qd6 34. Bc4+ Kh8 35. Qg5 Qxh2 36. Qd8+ Kh7 37. Bd3+ Kh6 38. Qb6+ Kh5 1/2-1/2

[Event "GER-chT U20"]
[Site "Kiel"]
[Date "2022.07.25"]
[Round "6.5"]
[White "Luersen, Lukas"]
[Black "Borodaev, Roman"]
[Result "1-0"]
[WhiteElo "1225"]
[BlackElo "1605"]
[PlyCount "63"]
[EventDate "2022.07.22"]
[EventType "team-swiss"]
[EventRounds "7"]
[EventCountry "GER"]
[SourceTitle "CBM 209 Extra"]
[Source "ChessBase"]
[SourceDate "2022.09.30"]
[SourceVersion "1"]
[SourceVersionDate "2022.09.30"]
[SourceQuality "1"]
[WhiteTeam "Essen Katernberg"]
[BlackTeam "Karlsruhe SF"]
[WhiteTeamCountry "GER"]
[BlackTeamCountry "GER"]

1. e4 c5 2. Nc3 Nc6 3. f4 g6 4. Nf3 Bg7 5. Bb5 Nd4 6. 0-0 Nxb5 7. Nxb5 a6 8. Nc3 e6 9. d3 Ne7 10. e5 d5 11. Qe1 b5 12. Ne2 Bb7 13. d4 Qc7 14. c3 c4 15. g4 h5 16. h3 hxg4 17. hxg4 0-0-0 18. Ng3 Qd7 19. b3 Rde8 20. Ba3 Nc6 21. bxc4 dxc4 22. Ne4 Rd8 23. Nd6+ Kc7 24. Ng5 Na5 25. Ngxf7 Rh1+ 26. Kf2 Qc6 27. Nxb7 Rh2+ 28. Ke3 Rh3+ 29. Kd2 Rd3+ 30. Kc2 Nxb7 31. Nxd8 Nxd8 32. Rf2 1-0

[Event "GER-chT U20"]
[Site "Kiel"]
[Date "2022.07.24"]
[Round "3.4"]
[White "Borodaev, Roman"]
[Black "Peschel, Jan"]
[Result "1-0"]
[WhiteElo "1605"]
[BlackElo "1559"]
[PlyCount "117"]
[EventDate "2022.07.22"]
[EventType "team-swiss"]
[EventRounds "7"]
[EventCountry "GER"]
[SourceTitle "CBM 209 Extra"]
[Source "ChessBase"]
[SourceDate "2022.09.30"]
[SourceVersion "1"]
[SourceVersionDate "2022.09.30"]
[SourceQuality "1"]
[WhiteTeam "Karlsruhe SF"]
[BlackTeam "Biebertal"]
[WhiteTeamCountry "GER"]
[BlackTeamCountry "GER"]

1. e4 e5 2. Nf3 Nc6 3. Bb5 Bc5 4. 0-0 Nge7 5. c3 d5 6. exd5 Qxd5 7. d4 exd4 8. cxd4 Bb4 9. Qa4 0-0 10. a3 Ba5 11. Nc3 Bxc3 12. bxc3 a6 13. Bd3 Bf5 14. c4 Qd7 15. Bxf5 Nxf5 16. d5 Ne5 17. Qxd7 Nxd7 18. Bf4 Rac8 19. Rac1 Nc5 20. Rfd1 Nd6 21. Be3 Nde4 22. Ng5 Nxg5 23. Bxc5 Rfe8 24. f3 f6 25. Rc2 Nf7 26. Bf2 b6 27. c5 bxc5 28. Rxc5 Red8 29. Rdc1 Ne5 30. Ra5 Rd6 31. Bg3 Rb6 32. Bxe5 fxe5 33. Rc6 Rb5 34. Rxb5 axb5 35. d6 Kf8 36. dxc7 Ke7 37. Rc5 Kd6 38. Rxb5 Rxc7 39. Kf2 Ra7 40. Rb3 g6 41. g4 Kc5 42. Re3 Kd4 43. Re4+ Kd5 44. a4 g5 45. Kg3 h6 46. Rb4 Kc6 47. h4 Ra5 48. h5 Kc5 49. Re4 Kd6 50. Kf2 Rc5 51. Ke2 Ra5 52. Rb4 Kc6 53. Ke3 Ra6 54. Ke4 Kd6 55. a5 Rxa5 56. Rb6+ Ke7 57. Rxh6 Kf7 58. Rg6 Rb5 59. Rxg5 1-0

[Event "GER-chT U16"]
[Site "Willingen"]
[Date "2021.06.26"]
[Round "5.10"]
[White "Martsfeld, Jonas"]
[Black "Borodaev, Roman"]
[Result "1-0"]
[WhiteElo "1381"]
[BlackElo "1657"]
[PlyCount "56"]
[EventDate "2021.06.23"]
[EventType "team-swiss"]
[EventRounds "7"]
[EventCountry "GER"]
[SourceTitle "CBM 203 Extra"]
[Source "ChessBase"]
[SourceDate "2021.09.30"]
[SourceVersion "1"]
[SourceVersionDate "2021.09.30"]
[SourceQuality "1"]
[WhiteTeam "Biberach"]
[BlackTeam "Karlsruhe SF"]
[WhiteTeamCountry "GER"]
[BlackTeamCountry "GER"]

1. e4 c5 2. Nc3 d6 3. f4 Nc6 4. Bc4 e6 5. Nf3 Nf6 6. d3 Be7 7. 0-0 0-0 8. Qe1 a6 9. Kh1 d5 10. Bb3 dxe4 11. Nxe4 Qc7 12. Bd2 b5 13. Bc3 Nxe4 14. Qxe4 Bb7 15. Qe3 b4 16. Bd2 Ne5 17. Ba4 Nc6 18. Rae1 Kh8 19. f5 Nd8 20. Bb3 Bf6 21. fxe6 Nxe6 22. Bxe6 fxe6 23. Qxe6 Bxb2 24. Ng5 Bf6 25. Qf5 g6 26. Qe6 Bc8 27. Qd5 Bd7 28. Nf7+ Kg7 1-0

[Event "GER-chT U16"]
[Site "Willingen"]
[Date "2021.06.24"]
[Round "2.8"]
[White "Borodaev, Roman"]
[Black "Cheredzhiyska, Iva"]
[Result "0-1"]
[WhiteElo "1657"]
[BlackElo "1601"]
[PlyCount "41"]
[EventDate "2021.06.23"]
[EventType "team-swiss"]
[EventRounds "7"]
[EventCountry "GER"]
[SourceTitle "CBM 203 Extra"]
[Source "ChessBase"]
[SourceDate "2021.09.30"]
[SourceVersion "1"]
[SourceVersionDate "2021.09.30"]
[SourceQuality "1"]
[WhiteTeam "Karlsruhe SF"]
[BlackTeam "Tegernsee"]
[WhiteTeamCountry "GER"]
[BlackTeamCountry "GER"]

1. e4 e5 2. Nf3 Nc6 3. Bb5 a6 4. Ba4 b5 5. Bb3 Bc5 6. 0-0 Nf6 7. c3 Nxe4 8. d4 exd4 9. cxd4 Bb4 10. Bc2 d5 11. a3 Ba5 12. b4 Bb6 13. Re1 0-0 14. Bxe4 dxe4 15. Rxe4 Bb7 16. Rg4 Qd7 17. Rg3 Nxd4 18. Nbd2 Nxf3+ 19. gxf3 Bxf2+ 20. Kxf2 Qd4+ 21. Kg2 0-1

[Event "GER-chT U16"]
[Site "Willingen"]
[Date "2021.06.24"]
[Round "1.8"]
[White "Schaefer, Konstantin"]
[Black "Borodaev, Roman"]
[Result "1-0"]
[WhiteElo "1754"]
[BlackElo "1657"]
[PlyCount "85"]
[EventDate "2021.06.23"]
[EventType "team-swiss"]
[EventRounds "7"]
[EventCountry "GER"]
[SourceTitle "CBM 203 Extra"]
[Source "ChessBase"]
[SourceDate "2021.09.30"]
[SourceVersion "1"]
[SourceVersionDate "2021.09.30"]
[SourceQuality "1"]
[WhiteTeam "Leipzig SG "]
[BlackTeam "Karlsruhe SF"]
[WhiteTeamCountry "GER"]
[BlackTeamCountry "GER"]

1. e4 c5 2. Nf3 d6 3. d4 cxd4 4. Nxd4 Nf6 5. f3 Nc6 6. c4 e6 7. Nc2 Be7 8. Nc3 0-0 9. Be3 d5 10. cxd5 exd5 11. exd5 Nb4 12. Bc4 b5 13. Nxb5 Nfxd5 14. Bf2 Nf4 15. Ne3 Nbd3+ 16. Bxd3 Nxd3+ 17. Ke2 Nxf2 18. Kxf2 Qb6 19. Qb3 Bc5 20. Rhe1 Re8 21. Na3 Qh6 22. Nac2 Qxh2 23. Qd5 Bxe3+ 24. Nxe3 Qh4+ 25. Kg1 Be6 26. Qe4 Qxe4 27. fxe4 Rab8 28. b3 h6 29. Rac1 a5 30. Nd5 Bxd5 31. exd5 Rxe1+ 32. Rxe1 Rd8 33. Rd1 Kf8 34. Kf2 Ke7 35. Ke3 Kd6 36. Kd4 Rb8 37. Rc1 Rb4+ 38. Rc4 f5 39. Rxb4 axb4 40. Kc4 f4 41. Kxb4 g5 42. Kc4 g4 43. Kd4 1-0

[Event "GER-chT U16"]
[Site "Magdeburg"]
[Date "2019.12.29"]
[Round "6.4"]
[White "Muecka, Cedric"]
[Black "Borodaev, Roman"]
[Result "1-0"]
[WhiteElo "1559"]
[BlackElo "1705"]
[PlyCount "79"]
[EventDate "2019.12.27"]
[EventType "team-swiss"]
[EventRounds "7"]
[EventCountry "GER"]
[SourceTitle "CBM 194 Extra"]
[Source "ChessBase"]
[SourceDate "2020.03.31"]
[SourceVersion "1"]
[SourceVersionDate "2020.03.31"]
[SourceQuality "1"]
[WhiteTeam "Leipzig SG"]
[BlackTeam "Karlsruhe SF"]
[WhiteTeamCountry "GER"]
[BlackTeamCountry "GER"]

1. Nf3 Nc6 2. g3 e5 3. d3 d5 4. Bg2 Nf6 5. Nbd2 Bd6 6. 0-0 0-0 7. e4 Bg4 8. c3 d4 9. h3 Bxf3 10. Nxf3 Bc5 11. b4 Bb6 12. b5 Na5 13. Nxe5 dxc3 14. Qc2 Bd4 15. Nf3 c5 16. Nxd4 cxd4 17. Qa4 Re8 18. Bg5 Rc8 19. f4 Qb6 20. Bxf6 gxf6 21. Rab1 c2 22. Rbc1 Rc3 23. Rf3 Rec8 24. Bf1 a6 25. bxa6 bxa6 26. Be2 Nc4 27. Rff1 Nd2 28. Rfe1 Nxe4 29. Bg4 Rxd3 30. Rxe4 Rxg3+ 31. Kh2 Rcc3 32. Qxd4 Qc6 33. Qa4 Qd6 34. Rd4 Qa3 35. Qxa3 Rxa3 36. Rxc2 Rgc3 37. Rxc3 Rxc3 38. Ra4 Rc6 39. Kg3 Kg7 40. Be2 1-0

[Event "GER-chT U16"]
[Site "Magdeburg"]
[Date "2019.12.27"]
[Round "1.9"]
[White "Borodaev, Roman"]
[Black "Zhang, Guo Hong"]
[Result "1/2-1/2"]
[WhiteElo "1705"]
[BlackElo "1217"]
[PlyCount "66"]
[EventDate "2019.12.27"]
[EventType "team-swiss"]
[EventRounds "7"]
[EventCountry "GER"]
[SourceTitle "CBM 194 Extra"]
[Source "ChessBase"]
[SourceDate "2020.03.31"]
[SourceVersion "1"]
[SourceVersionDate "2020.03.31"]
[SourceQuality "1"]
[WhiteTeam "Karlsruhe SF"]
[BlackTeam "Stuttgart"]
[WhiteTeamCountry "GER"]
[BlackTeamCountry "GER"]

1. e4 c5 2. Nf3 d6 3. d4 cxd4 4. Nxd4 Nf6 5. Nc3 Nc6 6. Be3 g6 7. f3 Bg7 8. Qd2 0-0 9. 0-0-0 Bd7 10. Kb1 Rc8 11. g4 a6 12. h4 Ne5 13. h5 Nxf3 14. Nxf3 Bxg4 15. Be2 Bxh5 16. Rdg1 Qa5 17. Ng5 Bxe2 18. Qxe2 h6 19. Nf3 h5 20. Nd4 Ng4 21. Qd2 Nxe3 22. Qxe3 Rc4 23. Nde2 Qe5 24. Rg5 Qf6 25. Qg1 Rxe4 26. Rg2 Rc8 27. Qb6 Rec4 28. Qxb7 R8c7 29. Qxa6 Qf3 30. Rhg1 R4c6 31. Qd3 Qxd3 32. cxd3 Kh7 33. Kc2 Rb7 1/2-1/2

[Event "GER-chT U14"]
[Site "Magdeburg"]
[Date "2018.12.28"]
[Round "4.4"]
[White "Albrecht, Joel"]
[Black "Borodaev, Roman"]
[Result "0-1"]
[WhiteElo "774"]
[BlackElo "1330"]
[PlyCount "54"]
[EventDate "2018.12.27"]
[EventType "team-swiss"]
[EventRounds "7"]
[EventCountry "GER"]
[SourceTitle "CBM 188 Extra"]
[Source "ChessBase"]
[SourceDate "2019.02.26"]
[SourceVersion "1"]
[SourceVersionDate "2019.02.26"]
[SourceQuality "1"]
[WhiteTeam "Schoeneck"]
[BlackTeam "Karlsruhe SF"]
[WhiteTeamCountry "GER"]
[BlackTeamCountry "GER"]

1. e4 c5 2. Nf3 Nc6 3. d4 cxd4 4. Nxd4 Nf6 5. Nc3 g6 6. f3 Bg7 7. Be3 0-0 8. Be2 e6 9. g4 d5 10. Qd2 e5 11. Nxc6 bxc6 12. exd5 cxd5 13. Bh6 Bb7 14. 0-0-0 d4 15. Nb5 Nxg4 16. fxg4 Bxh1 17. Rxh1 a6 18. Na3 Qd5 19. Rf1 Qxa2 20. Bxg7 Kxg7 21. Nb1 Rab8 22. b3 Rfc8 23. Bd3 Rxb3 24. Rxf7+ Kxf7 25. Qe2 Rxb1+ 26. Kd2 Qa5+ 27. c3 Qxc3# 0-1

[Event "GER-chT U14"]
[Site "Magdeburg"]
[Date "2018.12.28"]
[Round "3.4"]
[White "Borodaev, Roman"]
[Black "Weidemann, Jakob"]
[Result "1-0"]
[WhiteElo "1330"]
[BlackElo "1533"]
[PlyCount "107"]
[EventDate "2018.12.27"]
[EventType "team-swiss"]
[EventRounds "7"]
[EventCountry "GER"]
[SourceTitle "CBM 188 Extra"]
[Source "ChessBase"]
[SourceDate "2019.02.26"]
[SourceVersion "1"]
[SourceVersionDate "2019.02.26"]
[SourceQuality "1"]
[WhiteTeam "Karlsruhe SF"]
[BlackTeam "Muenster"]
[WhiteTeamCountry "GER"]
[BlackTeamCountry "GER"]

1. e4 c5 2. Nf3 d6 3. d4 cxd4 4. Nxd4 Nf6 5. Nc3 g6 6. Be3 Bg7 7. f3 0-0 8. Qd2 Nc6 9. 0-0-0 Nxd4 10. Bxd4 Be6 11. g4 Qc7 12. Kb1 Rfc8 13. Be2 Qa5 14. a3 a6 15. g5 Nd7 16. f4 Bxd4 17. Qxd4 b5 18. h4 Qb6 19. Qxb6 Nxb6 20. h5 Rc5 21. hxg6 fxg6 22. Rh6 Kg7 23. Rdh1 Rh8 24. f5 Bf7 25. Bd3 Nc4 26. Nd5 Bxd5 27. exd5 Ne5 28. fxg6 Nxd3 29. cxd3 Rxd5 30. Rxh7+ Rxh7 31. gxh7 Kh8 32. g6 Rg5 33. Rh6 a5 34. Kc2 d5 35. Kc3 e5 36. b4 a4 37. Kd2 Rg1 38. Ke3 Rg5 39. Kf3 Rg1 40. Ke3 Rg5 41. d4 e4 42. Kf4 Rg1 43. Rh5 Rxg6 44. Rxd5 Rb6 45. Kxe4 Re6+ 46. Re5 Re7 47. d5 Rd7 48. Re6 Re7 49. Kf5 Rd7 50. d6 Rf7+ 51. Ke5 Rb7 52. Re7 Rb6 53. Re8+ Kxh7 54. d7 1-0